000 00808nam a2200265 a 4500
001 000003189
003 DO-SdBNP
005 20240530073910.0
007 ta
008 090707s2008 dr e 000 f spa d
020 _a9789945862518
040 _aDO-SdBNP
_bspa
_cBNPHU
082 4 _b863.44
_aM433d
_222
100 1 _aMatos Moquete, Manuel,
_d1944-
_96349
245 1 0 _aDile adiós a la época :
_b(novela) /
_cManuel Matos Moquete
250 _a2a. ed.
260 _aSanto Domingo :
_bCocolo,
_c2008.
300 _a276 p. ;
_c21 cm.
500 _aIncluye datos biográficos del autor en la contracubierta del libro.
590 _aInventariado, 2020/MFF
650 0 _aNovela dominicana
_9223
650 0 _aLiteratura dominicana.
_967
910 _aValidado. Control de calidad MFF
942 _2ddc
_cLBS1
999 _c3020
_d3020